| 000 | 00520nam a2200169Ia 4500 | ||
|---|---|---|---|
| 003 | LK-CoDNM | ||
| 008 | 010623t2011 xxu||||| |||| 00| 1 sin d | ||
| 040 |
_aLK-CoDNM _dLK-CoDNM _eLK-CoDNM |
||
| 041 | _asin | ||
| 080 | _a17 PAL | ||
| 100 | _aPalihawadana,Kaleeshiyas | ||
| 245 | _aතර්ක ශාස්ත්රය සහ විද්යාත්මක කර්මය 1 | ||
| 246 | _aTharka Shastraya saha Vidyathmaka Kramaya 1 | ||
| 260 |
_bRathna _aColombo _c2011 |
||
| 300 | _b471, 21 cm | ||
| 942 | _cBK | ||
| 999 |
_c131059 _d131059 |
||